[Event "POL-chT 59th"]
[Site "Lubniewice"]
[Date "2003.09.07"]
[Round "9"]
[White "Singer, Krystian"]
[Black "Pinkas, Karol"]
[Result "1-0"]
[WhiteElo "2205"]
[BlackElo "2370"]
[PlyCount "123"]
[EventDate "2003.08.30"]
[EventType "team-tourn"]
[EventRounds "9"]
[EventCountry "POL"]
[SourceTitle "EXT 2019"]
[Source "ChessBase"]
[SourceDate "2018.10.10"]
[SourceVersion "1"]
[SourceVersionDate "2018.10.10"]
[SourceQuality "1"]
[WhiteTeam "Legnica Miedz"]
[BlackTeam "Jaworzno JKSz MCKiS"]
[WhiteTeamCountry "POL"]
[BlackTeamCountry "POL"]

1. e4 e5 2. Nf3 Nc6 3. Bc4 Nf6 4. d4 exd4 5. Ng5 d5 6. exd5 Qe7+ 7. Qe2 Nb4 8. Na3 Nbxd5 9. Nb5 Qxe2+ 10. Kxe2 c5 11. Ne4 Nb6 12. Nxf6+ gxf6 13. Bb3 Kd8 14. Bxf7 Bd7 15. Na3 Bd6 16. Bh6 Ke7 17. Bh5 c4 18. Rad1 Bc5 19. Rhe1 Bf5 20. Kd2+ Kd7 21. Kc1 Rhg8 22. g3 d3 23. cxd3 cxd3 24. Be2 Rae8 25. Bxd3 Bxd3 26. Rxd3+ Kc6 27. Be3 Nd5 28. Nc2 Bxe3+ 29. Nxe3 Rg5 30. Kd2 Nxe3 31. Rexe3 Rxe3 32. Kxe3 Re5+ 33. Kf3 Rb5 34. Rd2 Rb4 35. Ke3 a5 36. f4 h5 37. h3 Rc4 38. g4 hxg4 39. hxg4 Rc1 40. g5 Rg1 41. gxf6 Rg6 42. Ke4 Rxf6 43. Ke5 Rf8 44. f5 Re8+ 45. Kf6 Rf8+ 46. Ke6 Re8+ 47. Kf7 Re3 48. f6 a4 49. Kf8 a3 50. bxa3 Rxa3 51. f7 Rg3 52. Rd4 b5 53. Ke7 Re3+ 54. Kf6 Rf3+ 55. Ke6 Rf2 56. Rd8 Re2+ 57. Kf6 Rxa2 58. f8Q Rf2+ 59. Ke5 Rxf8 60. Rxf8 Kc5 61. Rc8+ Kb4 62. Kd4 1-0

[Event "POL-chT U19 35th"]
[Site "Koszalin"]
[Date "2003.07.13"]
[Round "11.19"]
[White "Singer, Krystian"]
[Black "Moranda, Wojciech"]
[Result "0-1"]
[WhiteElo "2205"]
[BlackElo "2356"]
[PlyCount "146"]
[EventDate "2003.07.04"]
[EventType "team-tourn"]
[EventRounds "11"]
[EventCountry "POL"]
[SourceTitle "EXT 2019"]
[Source "ChessBase"]
[SourceDate "2018.10.10"]
[SourceVersion "1"]
[SourceVersionDate "2018.10.10"]
[SourceQuality "1"]
[WhiteTeam "Legnica Miedz U19"]
[BlackTeam "Czarna Czarnovia U19"]
[WhiteTeamCountry "POL"]
[BlackTeamCountry "POL"]

1. e4 c5 2. Nc3 Nc6 3. Bb5 Nd4 4. Bc4 d6 5. Nge2 Nf6 6. d3 Nxe2 7. Qxe2 e6 8. 0-0 Be7 9. Bf4 0-0 10. Rfe1 a6 11. a4 b6 12. Rad1 Nd7 13. Bg3 Ne5 14. f4 Nc6 15. Qd2 Rb8 16. Bf2 Bf6 17. Bb3 Nd4 18. Kh1 Bb7 19. Bxd4 Bxd4 20. Ne2 Bf6 21. c3 Bc6 22. Bc2 d5 23. e5 Bh4 24. Rf1 d4 25. c4 f5 26. Ng1 Qe8 27. b3 h6 28. Nf3 Bd8 29. Ra1 a5 30. Bd1 Rb7 31. Ng1 g5 32. Bf3 Rg7 33. Bxc6 Qxc6 34. Qe2 Kh7 35. Ra2 Rfg8 36. Qf3 Qc7 37. Qe2 gxf4 38. Nf3 Qf7 39. Rg1 Rg4 40. Rc2 Qg6 41. Ra2 Be7 42. Rc2 Qe8 43. Ra2 Qd8 44. Rc2 Bh4 45. Ra2 Be7 46. Rc2 R8g7 47. Ra2 Qe8 48. Rc2 Qc6 49. Ra2 h5 50. Rb2 h4 51. h3 Rg3 52. Kh2 Qe8 53. Ra2 Qg6 54. Rc2 Bf8 55. Ra2 Rxf3 56. Qxf3 Qg3+ 57. Kh1 Qxf3 58. gxf3 Rg3 59. Rxg3 fxg3 60. Kg2 Bh6 61. Ra1 Bf4 62. Ra2 Kg6 63. b4 cxb4 64. c5 bxc5 65. Rc2 c4 66. Rxc4 b3 67. Rc6 Bd2 68. Rxe6+ Kf7 69. Rb6 Bb4 70. Rb7+ Ke6 71. Rb6+ Kxe5 72. f4+ Kd5 73. Rb5+ Kc6 0-1

[Event "POL-chT U19 35th"]
[Site "Koszalin"]
[Date "2003.07.11"]
[Round "9.25"]
[White "Singer, Krystian"]
[Black "Czakon, Jakub"]
[Result "0-1"]
[WhiteElo "2205"]
[BlackElo "2386"]
[PlyCount "78"]
[EventDate "2003.07.04"]
[EventType "team-tourn"]
[EventRounds "11"]
[EventCountry "POL"]
[SourceTitle "EXT 2019"]
[Source "ChessBase"]
[SourceDate "2018.10.10"]
[SourceVersion "1"]
[SourceVersionDate "2018.10.10"]
[SourceQuality "1"]
[WhiteTeam "Legnica Miedz U19"]
[BlackTeam "Katowice Start U19"]
[WhiteTeamCountry "POL"]
[BlackTeamCountry "POL"]

1. e4 c5 2. Nf3 d6 3. Bb5+ Bd7 4. Bxd7+ Qxd7 5. c4 Nc6 6. d4 cxd4 7. Nxd4 g6 8. Nc3 Bg7 9. Nde2 Nf6 10. f3 0-0 11. 0-0 e6 12. Bg5 h6 13. Be3 Rfd8 14. Qd2 Kh7 15. Rfd1 Qe7 16. Bf4 Ne5 17. b3 Nh5 18. Be3 f5 19. Rac1 a6 20. a4 Rd7 21. Bb6 f4 22. Kh1 g5 23. Bd4 Rf8 24. a5 g4 25. Bxe5 Bxe5 26. b4 Rg8 27. fxg4 Rxg4 28. Ng1 f3 29. Nxf3 Bf4 30. Qd3 Bxc1 31. e5+ Kh8 32. exd6 Qg7 33. Rxc1 Rxg2 34. Qd4 Qxd4 35. Nxd4 Rg4 36. Nxe6 Rxd6 37. Nc5 Rxc4 38. N5e4 Rd3 39. Re1 Rxb4 0-1

[Event "POL-chT U19 35th"]
[Site "Koszalin"]
[Date "2003.07.10"]
[Round "7.31"]
[White "Singer, Krystian"]
[Black "Wojtaszek, Radoslaw"]
[Result "1/2-1/2"]
[WhiteElo "2205"]
[BlackElo "2462"]
[PlyCount "111"]
[EventDate "2003.07.04"]
[EventType "team-tourn"]
[EventRounds "11"]
[EventCountry "POL"]
[SourceTitle "EXT 2019"]
[Source "ChessBase"]
[SourceDate "2018.10.10"]
[SourceVersion "1"]
[SourceVersionDate "2018.10.10"]
[SourceQuality "1"]
[WhiteTeam "Legnica Miedz U19"]
[BlackTeam "Plock PTSz U19"]
[WhiteTeamCountry "POL"]
[BlackTeamCountry "POL"]

1. e4 c5 2. Nf3 d6 3. d4 cxd4 4. Qxd4 a6 5. c4 Nc6 6. Qd2 g6 7. Nc3 Bg7 8. b3 Nf6 9. Bb2 Bg4 10. Nd4 Nxd4 11. Qxd4 0-0 12. Be2 Bxe2 13. Nxe2 b5 14. cxb5 Qa5+ 15. Bc3 Qxb5 16. f3 Rac8 17. Qd2 Rfd8 18. 0-0 Nxe4 19. fxe4 Rxc3 20. Nxc3 Qc5+ 21. Kh1 Bxc3 22. Qf4 Bf6 23. Rac1 Qa5 24. Rc2 Kg7 25. Qd2 Qb5 26. Qe2 Qb6 27. Qc4 a5 28. a3 Rb8 29. Rb1 Qe3 30. Re2 Qf4 31. Qd3 Be5 32. g3 Qg4 33. Kg2 h5 34. h3 Qd7 35. b4 axb4 36. axb4 Rb5 37. Qc4 Qb7 38. Rc2 f5 39. Qc6 Qxc6 40. Rxc6 fxe4 41. Rc4 e3 42. Re4 Kf6 43. Rxe3 Ke6 44. Kf3 d5 45. g4 hxg4+ 46. hxg4 Kf6 47. Ra3 Bc7 48. Ra7 Bd6 49. Ra5 Rxb4 50. Rxb4 Bxb4 51. Rxd5 e5 52. Ke4 Bc3 53. Rd3 Bd4 54. Ra3 Kg5 55. Ra6 Bc3 56. Rc6 1/2-1/2

[Event "Wroclaw-ch"]
[Site "Wroclaw"]
[Date "2003.??.??"]
[Round "6"]
[White "Butkiewicz, Lukasz"]
[Black "Singer, Krystian"]
[Result "1/2-1/2"]
[WhiteElo "2040"]
[BlackElo "2205"]
[PlyCount "132"]
[EventDate "2003.??.??"]
[EventType "swiss"]
[EventRounds "9"]
[EventCountry "POL"]
[SourceTitle "EXT 2007"]
[Source "ChessBase"]
[SourceDate "2006.11.23"]
[SourceVersion "1"]
[SourceVersionDate "2006.11.23"]
[SourceQuality "1"]

1. e4 Nc6 2. Nf3 d6 3. d4 g6 4. Nc3 Bg7 5. Be2 Nf6 6. h3 0-0 7. Be3 e5 8. 0-0 h6 9. Qd2 Kh7 10. Rad1 exd4 11. Nxd4 Nxd4 12. Bxd4 Re8 13. Bf3 Bd7 14. Rfe1 Be6 15. e5 dxe5 16. Bxe5 Qxd2 17. Rxd2 c6 18. Bg3 Kg8 19. Red1 Nh7 20. Ne4 Ng5 21. Nxg5 hxg5 22. b3 f5 23. Bc7 Bf6 24. c4 Kf7 25. Be2 Rac8 26. Bd6 Rh8 27. f3 c5 28. Bg3 Rhe8 29. Bd3 Re7 30. Bc2 b6 31. Re2 Rd7 32. Rxd7+ Bxd7 33. Rd2 Be6 34. Kf1 Bd4 35. Bf2 Bc3 36. Rd1 Be5 37. Re1 Kf6 38. Rd1 Bf4 39. Be1 a6 40. Bc3+ Kf7 41. Bd3 Rc7 42. Bd2 Bd7 43. Bxf4 gxf4 44. Be2 Ke7 45. a4 Bc6 46. Ke1 Rd7 47. Rxd7+ Bxd7 48. Kd2 Kf6 49. Bd3 Bc6 50. Be2 Ke5 51. Kc3 g5 52. Bf1 Kf6 53. Kd2 g4 54. hxg4 fxg4 55. Be2 Kg5 56. Ke1 gxf3 57. gxf3 Bd7 58. Bd3 Bf5 59. Bxf5 Kxf5 60. Ke2 Kg5 61. Kf2 Kh4 62. Kg2 a5 63. Kh2 Kh5 64. Kg2 Kg6 65. Kh3 Kg5 66. Kg2 Kf5 1/2-1/2

[Event "POL-ch U18"]
[Site "Krynica"]
[Date "2003.??.??"]
[Round "4"]
[White "Kosmowski, Przemyslaw"]
[Black "Singer, Krystian"]
[Result "1-0"]
[WhiteElo "2170"]
[BlackElo "2205"]
[PlyCount "57"]
[EventDate "2003.??.??"]
[EventType "swiss"]
[EventRounds "11"]
[EventCountry "POL"]
[SourceTitle "EXT 2007"]
[Source "ChessBase"]
[SourceDate "2006.11.23"]
[SourceVersion "1"]
[SourceVersionDate "2006.11.23"]
[SourceQuality "1"]

1. d4 Nf6 2. c4 e6 3. Nc3 Bb4 4. e3 Bxc3+ 5. bxc3 b6 6. Bd3 0-0 7. e4 Bb7 8. f3 d6 9. Ne2 e5 10. 0-0 Nbd7 11. Be3 c6 12. Ng3 Re8 13. f4 exd4 14. cxd4 d5 15. cxd5 cxd5 16. e5 Ne4 17. Nxe4 dxe4 18. Bc4 Rc8 19. Qb3 Rf8 20. Rfd1 b5 21. Bxf7+ Rxf7 22. e6 Nb6 23. exf7+ Kh8 24. d5 Nxd5 25. Qxb5 Bc6 26. Qc5 Qf6 27. Rac1 Nxe3 28. Qxe3 Qxf7 29. Rxc6 1-0

[Event "Wroclaw-ch"]
[Site "Wroclaw"]
[Date "2003.??.??"]
[Round "5"]
[White "Singer, Krystian"]
[Black "Andrejczuk, Beata"]
[Result "0-1"]
[WhiteElo "2205"]
[BlackElo "2025"]
[PlyCount "116"]
[EventDate "2003.??.??"]
[EventType "swiss"]
[EventRounds "9"]
[EventCountry "POL"]
[SourceTitle "EXT 2007"]
[Source "ChessBase"]
[SourceDate "2006.11.23"]
[SourceVersion "1"]
[SourceVersionDate "2006.11.23"]
[SourceQuality "1"]

1. e4 c5 2. Nc3 Nc6 3. Bb5 g6 4. Bxc6 bxc6 5. f4 Bg7 6. Nf3 e6 7. 0-0 Ne7 8. d3 0-0 9. Qe1 d5 10. Kh1 Ba6 11. Na4 c4 12. Nc5 Bc8 13. e5 cxd3 14. cxd3 Rb8 15. d4 Re8 16. b3 Bf8 17. Ba3 Nf5 18. g4 Ng7 19. Rc1 Rb5 20. Rc2 Be7 21. Qc1 h5 22. h3 Rb8 23. Na4 Ba6 24. Bxe7 Qxe7 25. Rd1 Rf8 26. Nc5 Bc8 27. Rg1 Qd8 28. gxh5 Nxh5 29. f5 Kh7 30. f6 Rh8 31. Qg5 Qf8 32. Qe3 Kg8 33. Rcg2 Rb6 34. Rg5 Qh6 35. Nh2 Kf8 36. Ng4 Qh7 37. Na4 Rb7 38. Qc1 Nxf6 39. Rg3 Ne4 40. Nf6 Nxg3+ 41. Rxg3 Qh4 42. Qc5+ Kg7 43. Kg2 Qf4 44. Qc3 a5 45. Nc5 Ra7 46. Nd3 Qh4 47. Ne1 a4 48. Nf3 Qf4 49. b4 Ba6 50. Rg4 Qf5 51. Nd2 Raa8 52. Kg3 a3 53. h4 Qd3+ 54. Qxd3 Bxd3 55. Kf2 Rab8 56. Rg3 Bf5 57. h5 Rxb4 58. Rxa3 gxh5 0-1

[Event "POL-ch U18"]
[Site "Krynica"]
[Date "2003.??.??"]
[Round "9"]
[White "Singer, Krystian"]
[Black "Heberla, Bartlomiej"]
[Result "0-1"]
[WhiteElo "2205"]
[BlackElo "2385"]
[PlyCount "50"]
[EventDate "2003.??.??"]
[EventType "swiss"]
[EventRounds "11"]
[EventCountry "POL"]
[SourceTitle "EXT 2007"]
[Source "ChessBase"]
[SourceDate "2006.11.23"]
[SourceVersion "1"]
[SourceVersionDate "2006.11.23"]
[SourceQuality "1"]

1. e4 c5 2. Nc3 Nc6 3. Bb5 Nd4 4. Ba4 a6 5. d3 b5 6. Bb3 e6 7. Nf3 Nxb3 8. axb3 Bb7 9. e5 d6 10. exd6 Nf6 11. Qe2 Bxd6 12. Ne4 0-0 13. Bg5 Be7 14. 0-0 Nd7 15. Bxe7 Qxe7 16. d4 cxd4 17. Nxd4 Rae8 18. Rae1 g6 19. Qd2 f5 20. Ng5 e5 21. b4 Qf6 22. Nde6 Rxe6 23. Qxd7 Re7 24. Qd2 e4 25. c3 e3 0-1

[Event "Wroclaw-ch"]
[Site "Wroclaw"]
[Date "2003.??.??"]
[Round "9"]
[White "Singer, Krystian"]
[Black "Jagiela, Piotr"]
[Result "0-1"]
[WhiteElo "2205"]
[BlackElo "2065"]
[PlyCount "106"]
[EventDate "2003.??.??"]
[EventType "swiss"]
[EventRounds "9"]
[EventCountry "POL"]
[SourceTitle "EXT 2007"]
[Source "ChessBase"]
[SourceDate "2006.11.23"]
[SourceVersion "1"]
[SourceVersionDate "2006.11.23"]
[SourceQuality "1"]

1. e4 d6 2. d4 g6 3. Nc3 Bg7 4. Nf3 c6 5. Be2 Nf6 6. 0-0 0-0 7. h3 Nbd7 8. Be3 e5 9. dxe5 dxe5 10. Qd3 h6 11. Rad1 Qe7 12. Rd2 Re8 13. a4 Qb4 14. Rb1 Bf8 15. b3 a5 16. Nh2 b6 17. Ng4 Nxg4 18. Bxg4 Nf6 19. Bxc8 Rexc8 20. Na2 Qxe4 21. Bxb6 Qxd3 22. Rxd3 Nd5 23. Be3 e4 24. Rd2 Nxe3 25. fxe3 Bg7 26. Rd7 Bf6 27. Rf1 Kg7 28. Rf4 Re8 29. Kf2 Rad8 30. Rxd8 Rxd8 31. Ke2 Re8 32. h4 h5 33. b4 Bd8 34. b5 f5 35. c4 Bf6 36. Rf1 Bxh4 37. Rd1 cxb5 38. axb5 Rc8 39. Rc1 Be7 40. Kd2 g5 41. Kc3 Bc5 42. Rd1 Bxe3 43. Rd7+ Kf6 44. Rd6+ Ke5 45. Rh6 h4 46. Kb3 f4 47. Nc3 f3 48. gxf3 exf3 49. Nd5 Bd4 50. b6 Rf8 51. b7 f2 52. Rf6 Rb8 53. Rf7 Rxb7+ 0-1

[Event "Wroclaw-ch"]
[Site "Wroclaw"]
[Date "2003.??.??"]
[Round "7"]
[White "Singer, Krystian"]
[Black "Szumilas, Pawel"]
[Result "1-0"]
[WhiteElo "2205"]
[BlackElo "2060"]
[PlyCount "73"]
[EventDate "2003.??.??"]
[EventType "swiss"]
[EventRounds "9"]
[EventCountry "POL"]
[SourceTitle "EXT 2007"]
[Source "ChessBase"]
[SourceDate "2006.11.23"]
[SourceVersion "1"]
[SourceVersionDate "2006.11.23"]
[SourceQuality "1"]

1. e4 c5 2. Nc3 e6 3. Nf3 a6 4. d4 cxd4 5. Nxd4 Nc6 6. g3 Qc7 7. Bg2 d6 8. 0-0 Bd7 9. a4 Be7 10. Be3 Nf6 11. Nxc6 Bxc6 12. a5 Rc8 13. Qd2 0-0 14. Rfd1 Nd7 15. f4 Rfd8 16. Bd4 Bf6 17. Ne2 Bxd4+ 18. Nxd4 Nc5 19. Qe3 b5 20. axb6 Qxb6 21. Nxc6 Qxc6 22. b3 Qb6 23. Rd2 Rd7 24. Bf1 a5 25. Rad1 Rcd8 26. Bc4 h6 27. f5 Kh7 28. fxe6 fxe6 29. Bxe6 Re7 30. Bd5 Rde8 31. Kg2 Qc7 32. Re1 Kh8 33. Qf4 Re5 34. Rde2 Qe7 35. Qf7 Ne6 36. Bxe6 Qxe6 37. Qxe6 1-0

[Event "Wroclaw-ch"]
[Site "Wroclaw"]
[Date "2003.??.??"]
[Round "3"]
[White "Singer, Krystian"]
[Black "Zawadzka, Jolanta"]
[Result "1/2-1/2"]
[WhiteElo "2205"]
[BlackElo "2295"]
[PlyCount "69"]
[EventDate "2003.??.??"]
[EventType "swiss"]
[EventRounds "9"]
[EventCountry "POL"]
[SourceTitle "EXT 2007"]
[Source "ChessBase"]
[SourceDate "2006.11.23"]
[SourceVersion "1"]
[SourceVersionDate "2006.11.23"]
[SourceQuality "1"]

1. e4 c5 2. Nc3 d6 3. Nge2 Nc6 4. d4 cxd4 5. Nxd4 Nf6 6. g3 e5 7. Nde2 Be7 8. Bg2 0-0 9. 0-0 Be6 10. Nd5 Rc8 11. c4 Nd7 12. Be3 f5 13. exf5 Bxf5 14. Nec3 Nc5 15. b3 Bg5 16. Qd2 Ne6 17. Ne4 Bxe4 18. Bxe4 Ncd4 19. f4 Bh6 20. Rad1 b5 21. Bxd4 Nxd4 22. Qd3 bxc4 23. bxc4 Kh8 24. Bxh7 exf4 25. Nxf4 Bxf4 26. Rxf4 Rxf4 27. gxf4 Qh4 28. Be4 Rxc4 29. Bg2 Qxf4 30. Rf1 Rc1 31. Qh3+ Qh6 32. Rxc1 Qxh3 33. Bxh3 Ne2+ 34. Kf2 Nxc1 35. Be6 1/2-1/2

[Event "POL-chT U19 33rd"]
[Site "Laczna"]
[Date "2002.07.16"]
[Round "2"]
[White "Singer, Krystian"]
[Black "Sypnicki, Dominik"]
[Result "1/2-1/2"]
[WhiteElo "2158"]
[BlackElo "2191"]
[PlyCount "59"]
[EventDate "2002.07.15"]
[EventType "team-tourn"]
[EventRounds "11"]
[EventCountry "POL"]
[SourceTitle "CBM 089 Extra"]
[Source "ChessBase"]
[SourceDate "2002.09.10"]
[SourceVersion "2"]
[SourceVersionDate "2002.09.10"]
[SourceQuality "1"]
[WhiteTeam "Legnica Miedz U19"]
[BlackTeam "Gorzow Wielkopolski Stilon U19"]
[WhiteTeamCountry "POL"]
[BlackTeamCountry "POL"]

1. e4 c5 2. Nc3 d6 3. f4 Nc6 4. Nf3 g6 5. Bc4 Bg7 6. 0-0 e6 7. d3 Nge7 8. Qe1 0-0 9. f5 d5 10. Bb3 c4 11. dxc4 d4 12. f6 Bxf6 13. e5 Bxe5 14. Nxe5 dxc3 15. Qxc3 Nxe5 16. Qxe5 Nf5 17. c3 f6 18. Qe2 Bd7 19. Bc2 Kg7 20. Bxf5 exf5 21. Be3 Re8 22. Qf2 a6 23. Rad1 Qe7 24. Rfe1 Qf7 25. Rd6 Re6 26. Rxe6 Bxe6 27. b3 Re8 28. Bd4 Bd7 29. Rxe8 Bxe8 30. Qf4 1/2-1/2

[Event "POL-ch U18"]
[Site "Bartkowa"]
[Date "2002.??.??"]
[Round "?"]
[White "Turecki, Krzysztof"]
[Black "Singer, Krystian"]
[Result "0-1"]
[WhiteElo "2040"]
[BlackElo "2146"]
[PlyCount "46"]
[EventDate "2002.01.??"]
[EventType "swiss"]
[EventRounds "10"]
[EventCountry "POL"]
[SourceTitle "EXT 2005"]
[Source "ChessBase"]
[SourceDate "2004.11.15"]
[SourceVersion "1"]
[SourceVersionDate "2004.11.15"]
[SourceQuality "1"]

1. e4 c5 2. d4 cxd4 3. c3 Nf6 4. e5 Nd5 5. cxd4 Nc6 6. Nf3 d6 7. h3 Bf5 8. Nh4 Bxb1 9. Rxb1 dxe5 10. dxe5 Nxe5 11. Bb5+ Nc6 12. 0-0 e6 13. Nf3 Bc5 14. Qc2 Qb6 15. Bc4 0-0 16. a3 Rfd8 17. b4 Be7 18. Rd1 Nf6 19. Be3 Qc7 20. Bxe6 fxe6 21. b5 Rxd1+ 22. Rxd1 Nd5 23. Bc1 Ne5 0-1

[Event "Bydgoszcz op-A"]
[Site "Bydgoszcz"]
[Date "2001.05.04"]
[Round "7"]
[White "Singer, Krystian"]
[Black "Zolnierowicz, Krzysztof"]
[Result "0-1"]
[WhiteElo "2154"]
[BlackElo "2313"]
[PlyCount "64"]
[EventDate "2001.04.27"]
[EventType "swiss"]
[EventRounds "9"]
[EventCountry "POL"]
[SourceTitle "CBM 082 Extra"]
[Source "ChessBase"]
[SourceDate "2001.07.03"]
[SourceVersion "1"]
[SourceVersionDate "2001.07.03"]
[SourceQuality "1"]

1. e4 d5 2. exd5 Nf6 3. d4 Nxd5 4. c4 Nb6 5. Nf3 g6 6. Nc3 Bg7 7. c5 Nd5 8. Bc4 c6 9. 0-0 0-0 10. Re1 h6 11. Qb3 e6 12. Ne4 b6 13. Ne5 bxc5 14. Nxc5 Qa5 15. Re2 Na6 16. Nxc6 Qc7 17. Bxd5 Nxc5 18. dxc5 exd5 19. Ne7+ Kh7 20. Nxd5 Qxc5 21. Be3 Qa5 22. Rd2 Be6 23. Qb4 Qxb4 24. Nxb4 a5 25. Nc6 Rfc8 26. Nd4 Bxa2 27. b4 axb4 28. Rdxa2 Rxa2 29. Rxa2 Bxd4 30. Kf1 b3 31. Ra4 Bxe3 32. fxe3 b2 0-1

[Event "Bydgoszcz op-A"]
[Site "Bydgoszcz"]
[Date "2001.05.03"]
[Round "6"]
[White "Krainski, Jaroslaw"]
[Black "Singer, Krystian"]
[Result "0-1"]
[WhiteElo "2073"]
[BlackElo "2154"]
[PlyCount "84"]
[EventDate "2001.04.27"]
[EventType "swiss"]
[EventRounds "9"]
[EventCountry "POL"]
[SourceTitle "CBM 082 Extra"]
[Source "ChessBase"]
[SourceDate "2001.07.03"]
[SourceVersion "1"]
[SourceVersionDate "2001.07.03"]
[SourceQuality "1"]

1. e4 c5 2. Nf3 Nc6 3. d4 cxd4 4. Nxd4 g6 5. Nc3 Bg7 6. Nb3 Nf6 7. Be2 0-0 8. 0-0 d6 9. Bg5 a6 10. f4 b5 11. Bf3 Bb7 12. Re1 Nd7 13. Rb1 Re8 14. Bh4 b4 15. Nd5 a5 16. c3 a4 17. Nd4 Nxd4 18. cxd4 Bxd5 19. exd5 Nf6 20. Rc1 Qa5 21. Bxf6 exf6 22. Rxe8+ Rxe8 23. Qd2 f5 24. Rc4 Rb8 25. b3 axb3 26. axb3 h5 27. g3 Kh7 28. Kg2 Bf6 29. Kh3 Kg7 30. Kg2 h4 31. Rc2 hxg3 32. hxg3 Qa1 33. Rc6 Ra8 34. Qd1 Qb2+ 35. Qc2 Ra2 36. Qxb2 Rxb2+ 37. Kh3 Rxb3 38. Rxd6 Rxf3 39. Rb6 b3 40. d6 Bxd4 41. Rb7 Bf6 42. d7 Rd3 0-1

[Event "Bydgoszcz op-A"]
[Site "Bydgoszcz"]
[Date "2001.05.01"]
[Round "5"]
[White "Sypnicki, Dominik"]
[Black "Singer, Krystian"]
[Result "1/2-1/2"]
[WhiteElo "2248"]
[BlackElo "2154"]
[PlyCount "81"]
[EventDate "2001.04.27"]
[EventType "swiss"]
[EventRounds "9"]
[EventCountry "POL"]
[SourceTitle "CBM 082 Extra"]
[Source "ChessBase"]
[SourceDate "2001.07.03"]
[SourceVersion "1"]
[SourceVersionDate "2001.07.03"]
[SourceQuality "1"]

1. e4 c5 2. Nf3 Nc6 3. d4 cxd4 4. Nxd4 g6 5. c4 Bh6 6. Nxc6 dxc6 7. Qxd8+ Kxd8 8. Bxh6 Nxh6 9. h3 e5 10. Na3 b6 11. c5 b5 12. Nc2 a6 13. a4 Bb7 14. a5 Kc7 15. 0-0-0 Rad8 16. Be2 f6 17. Nb4 Nf7 18. h4 Bc8 19. Rxd8 Rxd8 20. Rd1 Rxd1+ 21. Bxd1 Nd8 22. Bb3 Nb7 23. Nxa6+ Kd8 24. Bg8 Nxa5 25. Nb4 h6 26. Kc2 Ke7 27. Kc3 g5 28. hxg5 hxg5 29. Bh7 Be6 30. Bf5 Bxf5 31. exf5 Kd7 32. Nd3 e4 33. Ne1 Nc4 34. b3 Ne5 35. Kd4 Ng4 36. Kxe4 Nxf2+ 37. Kf3 Nd1 38. Nd3 Nc3 39. Kg4 Nd5 40. Kh5 Ne7 41. g4 1/2-1/2

[Event "Bydgoszcz op-A"]
[Site "Bydgoszcz"]
[Date "2001.04.28"]
[Round "2"]
[White "Singer, Krystian"]
[Black "Krainski, Aleksander"]
[Result "0-1"]
[WhiteElo "2154"]
[BlackElo "2272"]
[PlyCount "122"]
[EventDate "2001.04.27"]
[EventType "swiss"]
[EventRounds "9"]
[EventCountry "POL"]
[SourceTitle "CBM 082 Extra"]
[Source "ChessBase"]
[SourceDate "2001.07.03"]
[SourceVersion "1"]
[SourceVersionDate "2001.07.03"]
[SourceQuality "1"]

1. e4 e5 2. Nf3 Nf6 3. Nc3 Bb4 4. Bc4 d6 5. 0-0 0-0 6. d3 c6 7. Bb3 Nbd7 8. Ne2 Nc5 9. c3 Nxb3 10. axb3 Ba5 11. Ng3 Bb6 12. d4 Qe7 13. dxe5 dxe5 14. h3 h6 15. Qe2 Be6 16. b4 Nd7 17. Be3 Bxe3 18. Qxe3 a6 19. Rfd1 Rfe8 20. Nf5 Bxf5 21. exf5 e4 22. Nd4 Nf6 23. Qg3 c5 24. Nc2 cxb4 25. Nxb4 Qc5 26. Qf4 e3 27. fxe3 Rxe3 28. Kh2 Rae8 29. Nd3 Qb6 30. Ra4 Nh5 31. Qg4 Qc7+ 32. Kg1 Nf6 33. Qf4 Qc6 34. Rc4 Qb6 35. Qd4 Qb3 36. Nc5 Qxb2 37. Rb4 Re1+ 38. Kh2 Qe2 39. Rxe1 Qxe1 40. Rxb7 Qf1 41. Qd6 Re2 42. Qg3 Re1 43. Qc7 Qg1+ 44. Kg3 Nh5+ 45. Kh4 Qf2+ 46. g3 Qxf5 47. Qd8+ Kh7 48. Qd3 Qxd3 49. Nxd3 Nf6 50. Rxf7 Re3 51. Nc5 Kg8 52. Rxf6 gxf6 53. Nxa6 Rxc3 54. g4 Kf7 55. Nb4 Ke6 56. Na2 Rc4 57. Kh5 Kf7 58. Kxh6 Rc8 59. Kh7 Rc2 60. g5 fxg5 61. Nb4 Rc4 0-1

[Event "Bydgoszcz op-A"]
[Site "Bydgoszcz"]
[Date "2001.04.27"]
[Round "1"]
[White "Singer, Krystian"]
[Black "Jaracz, Pawel"]
[Result "0-1"]
[WhiteElo "2154"]
[BlackElo "2484"]
[PlyCount "70"]
[EventDate "2001.04.27"]
[EventType "swiss"]
[EventRounds "9"]
[EventCountry "POL"]
[SourceTitle "CBM 082 Extra"]
[Source "ChessBase"]
[SourceDate "2001.07.03"]
[SourceVersion "1"]
[SourceVersionDate "2001.07.03"]
[SourceQuality "1"]

1. e4 Nc6 2. Nf3 d6 3. Bc4 Nf6 4. Nc3 Bg4 5. d3 e6 6. Bf4 Be7 7. Qd2 Bxf3 8. gxf3 Nd4 9. 0-0-0 d5 10. Nb5 Nxb5 11. Bxb5+ c6 12. Ba4 b5 13. Bb3 a5 14. c3 0-0 15. Rhg1 g6 16. Bc2 Nh5 17. d4 Nxf4 18. Qxf4 b4 19. cxb4 axb4 20. Bb3 Bf6 21. e5 Bg7 22. Kb1 f6 23. Qg4 Qe7 24. Rc1 Ra6 25. f4 fxe5 26. Qe2 Qa7 27. fxe5 Rf4 28. Rg4 Rf5 29. Rc2 Qb6 30. Qd2 Bf8 31. Qd3 Ra7 32. Qd1 Raf7 33. Qc1 Rxf2 34. Rxc6 Qb5 35. Rg3 Rf1 0-1

[Event "POL-ch U16"]
[Site "Zakopane"]
[Date "2001.01.24"]
[Round "9"]
[White "Singer, Krystian"]
[Black "Krysztofiak, Marcin"]
[Result "1/2-1/2"]
[WhiteElo "2116"]
[BlackElo "2296"]
[PlyCount "36"]
[EventDate "2001.01.16"]
[EventType "swiss"]
[EventRounds "11"]
[EventCountry "POL"]
[SourceTitle "EXT 2002"]
[Source "ChessBase"]
[SourceDate "2001.11.25"]
[SourceVersion "1"]
[SourceVersionDate "2001.11.25"]
[SourceQuality "1"]

1. e4 d5 2. exd5 Qxd5 3. Nc3 Qd6 4. d4 Nf6 5. Nf3 a6 6. g3 Bf5 7. Bg2 Nc6 8. 0-0 0-0-0 9. a3 e6 10. Bf4 Qd7 11. Ne5 Nxe5 12. dxe5 Nd5 13. Nxd5 exd5 14. Re1 h6 15. c3 Be7 16. b4 Bg5 17. Qd4 Bxf4 18. Qxf4 g5 1/2-1/2